000 00561nam a2200193Ia 4500
003 GCL
008 140319s9999 xx 000 0 eng d
040 _aGCL /
_cGCL
082 0 4 _a749.2
_bB F
100 1 _aBISHOP, ROBERT H.
245 1 0 _aFURNITURE 1 :
_bPREHISTORIC THROUGH ROCOCO /
_cBISHOP, ROBERT H.
700 1 _aCOBLENTZ, PATRICIA
260 _aفرنسا :
_bTHE SMITHSONIAN INSTITUTION CITY ،
_c1979
300 _a28 CM ؛
_c128 P
650 0 4 _aFURNITURE DESIGN - HISTORY
650 0 4 _aBAROQUE
650 0 4 _aRENAISSANCE PERIOD
942 _2ddc
_cBK
999 _c9324
_d9324